[Event "4NCL Online Division 2"]
[Site "online"]
[Date "2020.09.08"]
[Round "2.23"]
[White "Willmott, Neil D"]
[Black "McMahon, Timothy P"]
[Result "1-0"]
[WhiteElo "1930"]
[BlackElo "1997"]
[PlyCount "103"]
[EventDate "2020.09.08"]
[WhiteTeam "St Albans 1"]
[BlackTeam "Malpas & Oswestry Friends"]

1. Nf3 Nf6 2. c4 g6 3. b3 Bg7 4. Bb2 O-O 5. g3 d5 6. cxd5 Nxd5 7. Bxg7 Kxg7 8.
Bg2 Nc6 9. d4 Bg4 10. h3 Bxf3 11. Bxf3 Qd6 12. O-O Rad8 13. e3 e5 14. dxe5 Qxe5
15. Nd2 Nxe3 16. fxe3 Qxg3+ 17. Bg2 Qxe3+ 18. Rf2 Rfe8 19. Bxc6 bxc6 20. Qf3
Qg5+ 21. Qg2 Qe3 22. Nc4 Qd4 23. Raf1 Rd5 24. Kh2 f5 25. Rxf5 Rxf5 26. Rxf5 Qd3
27. Rf2 Re1 28. Qxc6 Qd1 29. Qxc7+ Kh6 30. Qf4+ g5 31. Qd6+ Qxd6+ 32. Nxd6 a5
33. Nc4 a4 34. Rb2 axb3 35. axb3 Re4 36. Nd6 Rb4 37. Nf5+ Kg6 38. Ne3 h5 39.
Nc2 Re4 40. b4 Re2+ 41. Kg3 Rd2 42. b5 h4+ 43. Kf3 Rd3+ 44. Kg2 Rd2+ 45. Kf1 g4
46. hxg4 h3 47. Kg1 Kg5 48. b6 Rd8 49. b7 Rb8 50. Rb4 Kh4 51. Kh2 Kg5 52. Kxh3
1-0

[Event "4NCL Online Division 2"]
[Site "online"]
[Date "2020.09.08"]
[Round "2.24"]
[White "Taylor, Robert K"]
[Black "Ellis, Aidan B"]
[Result "0-1"]
[WhiteElo "1960"]
[BlackElo "1960"]
[PlyCount "100"]
[EventDate "2020.09.08"]
[WhiteTeam "Malpas & Oswestry Friends"]
[BlackTeam "St Albans 1"]

1. e4 c5 2. Nf3 d6 3. Bb5+ Bd7 4. a4 Nf6 5. d3 Nc6 6. c3 e6 7. O-O a6 8. Bxc6
Bxc6 9. c4 Be7 10. Nc3 O-O 11. Re1 Ng4 12. Qe2 Ne5 13. Nxe5 dxe5 14. f3 Qd7 15.
Be3 b5 16. a5 Rfd8 17. Kh1 b4 18. Na2 Qxd3 19. Qxd3 Rxd3 20. Nc1 Rd4 21. Bxd4
exd4 22. Nd3 f6 23. f4 Kf7 24. Re2 h6 25. Kg1 Rc8 26. g4 g6 27. b3 Bb7 28. Nf2
Bd8 29. Rd2 Bc7 30. Nd3 Bb8 31. Re2 Ke7 32. Rf1 Rc6 33. e5 f5 34. gxf5 exf5 35.
Rff2 Bc7 36. Ra2 Bd8 37. Ne1 Ke6 38. Rg2 g5 39. Rae2 Rc7 40. Rgf2 Be4 41. h3
gxf4 42. Kh2 Bh4 43. Rxf4 Bxe1 44. Rxe1 Kxe5 45. Rh4 Rc6 46. Kg3 d3 47. Kf2 Kd4
48. Rd1 Rg6 49. Ke1 Ke3 50. Kf1 d2 0-1

[Event "4NCL Online Division 2"]
[Site "online"]
[Date "2020.09.08"]
[Round "2.31"]
[White "Srivastava, Arnav"]
[Black "Tanmay Chopra"]
[Result "1/2-1/2"]
[WhiteElo "2027"]
[BlackElo "2273"]
[PlyCount "64"]
[EventDate "2020.09.08"]
[WhiteTeam "Poisoned Pawns"]
[BlackTeam "Harrow 1"]

1. d4 Nf6 2. c4 e6 3. Nf3 b6 4. g3 Ba6 5. b3 b5 6. cxb5 Bxb5 7. Bg2 Bc6 8. O-O
a5 9. Ba3 Bb4 10. Bb2 O-O 11. a3 Be7 12. Nbd2 a4 13. b4 d5 14. Ne5 Bb5 15. Re1
Nbd7 16. Nxd7 Nxd7 17. e4 c6 18. e5 Qb6 19. f4 Bd3 20. Qf3 Qb5 21. Bf1 Bxf1 22.
Qxf1 Rac8 23. Rac1 Qxf1+ 24. Nxf1 Nb6 25. Ne3 Rc7 26. Rc2 Rfc8 27. Rec1 Bd8 28.
Kf2 Kf8 29. Ke2 Ke8 30. Kd3 Kd7 31. Bc3 Be7 32. Bd2 h6 1/2-1/2

[Event "4NCL Online Division 2"]
[Site "online"]
[Date "2020.09.08"]
[Round "2.32"]
[White "Nettleton, Charlie B"]
[Black "Dharmasena, Gavith"]
[Result "0-1"]
[WhiteElo "2008"]
[BlackElo "1915"]
[PlyCount "52"]
[EventDate "2020.09.08"]
[WhiteTeam "Harrow 1"]
[BlackTeam "Poisoned Pawns"]

1. e4 e5 2. Nc3 Nc6 3. Bc4 Nf6 4. d3 Na5 5. Nge2 Bc5 6. O-O O-O 7. Ng3 c6 8.
Bb3 d5 9. Bg5 d4 10. Nce2 h6 11. Bd2 Nxb3 12. axb3 Bd6 13. h3 Re8 14. f4 Bd7
15. fxe5 Bxe5 16. Nf5 c5 17. Neg3 a5 18. Qf3 Ra6 19. Bf4 Qc7 20. Bxe5 Qxe5 21.
Ne2 b5 22. Kh1 a4 23. bxa4 bxa4 24. Ra3 Nxe4 25. dxe4 Bxf5 26. Qxf5 Rf6 0-1

[Event "4NCL Online Division 2"]
[Site "online"]
[Date "2020.09.08"]
[Round "2.33"]
[White "Volovich, Julia"]
[Black "Coles, Steven F"]
[Result "1/2-1/2"]
[WhiteElo "1937"]
[BlackElo "1986"]
[PlyCount "85"]
[EventDate "2020.09.08"]
[WhiteTeam "Poisoned Pawns"]
[BlackTeam "Harrow 1"]

1. d4 Nf6 2. c4 e6 3. Nc3 Bb4 4. Qc2 d5 5. a3 Bxc3+ 6. Qxc3 dxc4 7. Qxc4 b6 8.
Nf3 Ba6 9. Qc2 Nbd7 10. Qc6 O-O 11. Bf4 Nd5 12. Bg5 Qc8 13. e4 Bxf1 14. Rxf1
N5f6 15. Rc1 h6 16. Bf4 Qa6 17. Ne5 Nxe5 18. dxe5 Nh7 19. f3 Rfd8 20. Kf2 Nf8
21. Kg1 Ng6 22. Bg3 Rac8 23. Qc4 Qxc4 24. Rxc4 c5 25. Rfc1 Rd3 26. R4c3 Rcd8
27. Rxd3 Rxd3 28. b4 cxb4 29. axb4 Rb3 30. Rc8+ Nf8 31. Be1 g5 32. Kf2 Kg7 33.
Bd2 Ng6 34. g3 Ra3 35. Rc7 Ra2 36. Ke3 a5 37. bxa5 bxa5 38. Rc5 a4 39. Ra5 Ra3+
40. Ke2 Ra2 41. Ke3 Ra3+ 42. Ke2 Ra2 43. Ke3 1/2-1/2

[Event "4NCL Online Division 2"]
[Site "online"]
[Date "2020.09.08"]
[Round "2.34"]
[White "Manmay Chopra"]
[Black "Trivedi, Aarnavh"]
[Result "1/2-1/2"]
[WhiteElo "1610"]
[BlackElo "1952"]
[PlyCount "236"]
[EventDate "2020.09.08"]
[WhiteTeam "Harrow 1"]
[BlackTeam "Poisoned Pawns"]

1. e4 c6 2. d4 d5 3. Nc3 dxe4 4. Nxe4 Bf5 5. Ng3 Bg6 6. h4 h6 7. Nh3 e6 8. Nf4
Bh7 9. Bc4 Nf6 10. c3 Nbd7 11. Ngh5 Qc7 12. Qe2 O-O-O 13. Be3 Nd5 14. Nxd5 exd5
15. Bb3 Re8 16. O-O-O Bg6 17. Rhe1 Bxh5 18. Qxh5 g6 19. Qf3 Nb6 20. Bf4 Qd7 21.
Be5 Rg8 22. Re3 h5 23. Kb1 Bh6 24. Re2 Re6 25. Rde1 Rge8 26. Bg3 Rxe2 27. Rxe2
Re6 28. Rxe6 Qxe6 29. a4 Nd7 30. Bc2 Qf6 31. Qe2 Kd8 32. f3 Qe7 33. Qxe7+ Kxe7
34. Bd3 Be3 35. Kc2 Nf8 36. a5 a6 37. Be2 Ne6 38. Be1 Bf4 39. g3 Bc7 40. b4 Ng7
41. g4 Bf4 42. c4 Ne6 43. Bf2 Kd6 44. b5 axb5 45. cxb5 cxb5 46. Bxb5 Nc7 47.
Ba4 Na6 48. Be1 Bh2 49. Kd3 Bf4 50. Bd1 Ke6 51. Be2 Nb8 52. Bd1 Na6 53. Kc3 Bd6
54. Kb3 Bf4 55. Bf2 Nb8 56. Ka4 Nc6 57. Kb5 Bd2 58. a6 Nxd4+ 59. Bxd4 bxa6+ 60.
Kxa6 Be1 61. Kb5 Bxh4 62. Kc6 hxg4 63. fxg4 f5 64. gxf5+ Kxf5 65. Kxd5 g5 66.
Bc2+ Kf4 67. Be5+ Kg4 68. Ke4 Kh3 69. Bd3 Kg2 70. Ke3 Bg3 71. Be4+ Kh3 72. Bf6
Bf4+ 73. Kf3 Kh2 74. Bd4 Bc1 75. Bf2 Bf4 76. Kg4 Bd2 77. Bf3 Bf4 78. Ba8 Bd2
79. Bg3+ Kg1 80. Kf3 Bf4 81. Bf2+ Kh2 82. Bd5 Kh3 83. Be6+ Kh2 84. Kg4 Bd2 85.
Bd5 Bf4 86. Kf3 Bd6 87. Be3 Bf4 88. Bb6 Bd2 89. Kf2 Bf4 90. Bg2 Bg3+ 91. Kf1
Bf4 92. Bf2 Be5 93. Bc5 Bc7 94. Kf2 Bg3+ 95. Kf1 Bc7 96. Bc6 Kg3 97. Ke2 Kf4
98. Bg1 Kf5 99. Kf3 Bf4 100. Be4+ Ke5 101. Ba7 Ke6 102. Bd4 Kd6 103. Kg4 Ke6
104. Bc5 Ke5 105. Bb7 Bc1 106. Kf3 Bf4 107. Ke2 Bc1 108. Kd3 Bf4 109. Bd4+ Kf5
110. Bc8+ Kg6 111. Ke4 Kh5 112. Kf5 Kh4 113. Bf2+ Kh3 114. Bb7 Bd2 115. Bh1 g4
116. Bg1 g3 117. Be4 Be1 118. Bc5 Bf2 1/2-1/2

[Event "4NCL Online Division 2"]
[Site "online"]
[Date "2020.09.08"]
[Round "2.41"]
[White "Behler, Paul"]
[Black "Garcia, Jason"]
[Result "0-1"]
[WhiteElo "1780"]
[BlackElo "2028"]
[PlyCount "114"]
[EventDate "2020.09.08"]
[WhiteTeam "Warwick University B"]
[BlackTeam "White Knights"]

1. Nf3 c5 2. e4 d6 3. d4 cxd4 4. Nxd4 Nf6 5. f3 Nc6 6. c4 Qb6 7. Nc2 e6 8. Nc3
Be7 9. Rb1 O-O 10. Be3 Qc7 11. Be2 a6 12. O-O b6 13. Kh1 Bb7 14. Na4 Nd7 15. b4
Rac8 16. Qd2 Rfe8 17. Rfc1 h5 18. Bf1 Nce5 19. Na1 h4 20. h3 Qb8 21. Qf2 d5 22.
cxd5 exd5 23. exd5 Bxd5 24. Rd1 Qb7 25. Bd4 b5 26. Nc5 Nxc5 27. Bxe5 Nd7 28.
Bd4 Nf6 29. Nb3 Nh5 30. Nc5 Qc6 31. Rbc1 Ng3+ 32. Kg1 Nxf1 33. Rxf1 Qh6 34.
Rcd1 Bd6 35. f4 Bc4 36. Nd3 Re4 37. Be5 Bxd3 38. Rxd3 Bxb4 39. Qf3 Rec4 40. Rd5
Rc1 41. Rd8+ Rxd8 42. Rxc1 Qe6 43. Rc6 Qxa2 44. Qg4 Bf8 45. Qxh4 Qb1+ 46. Kh2
Rd1 47. Rxa6 Rh1+ 48. Kg3 Qe1+ 49. Kg4 f5+ 50. Kh5 Qe2+ 51. g4 fxg4 52. Kg6
Rxh3 53. Qg5 Qe4+ 54. f5 Qxe5 55. Re6 Rh6+ 56. Qxh6 Qxe6+ 57. fxe6 gxh6 0-1

[Event "4NCL Online Division 2"]
[Site "online"]
[Date "2020.09.08"]
[Round "2.42"]
[White "Young, Alan"]
[Black "Pyda, Arjun"]
[Result "1-0"]
[WhiteElo "2092"]
[BlackElo "1712"]
[PlyCount "95"]
[EventDate "2020.09.08"]
[WhiteTeam "White Knights"]
[BlackTeam "Warwick University B"]

1. e4 e6 2. d4 d5 3. Nc3 Nf6 4. Bg5 dxe4 5. Nxe4 Be7 6. Bxf6 Bxf6 7. Nxf6+ Qxf6
8. Nf3 O-O 9. Bd3 Nc6 10. O-O Bd7 11. Re1 Rfe8 12. Ne5 Nxe5 13. dxe5 Qe7 14.
Qh5 g6 15. Qh6 Qf8 16. Qf4 Bc6 17. Re3 Red8 18. h4 Rd7 19. Kh2 Rad8 20. Rh3 Rd4
21. Qg3 Qh6 22. h5 Qf4 23. hxg6 Qxg3+ 24. Kxg3 hxg6 25. Rah1 Kf8 26. Bxg6 Bxg2
27. Kxg2 Rg4+ 28. Rg3 Rxg6 29. Rxg6 fxg6 30. Rh8+ Ke7 31. Rh7+ Kf8 32. Rxc7 Rd2
33. Rxb7 Rxc2 34. a4 a5 35. b3 Rc5 36. Rb5 Rd5 37. Rxd5 exd5 38. f4 Ke7 39. Kf3
Ke6 40. Ke3 g5 41. fxg5 Kxe5 42. g6 Kf6 43. Kd4 Kxg6 44. Kxd5 Kf6 45. Kc5 Ke6
46. Kb5 Kd5 47. Kxa5 Kc6 48. b4 1-0

[Event "4NCL Online Division 2"]
[Site "online"]
[Date "2020.09.08"]
[Round "2.43"]
[White "Sajanani, Vikas"]
[Black "May, Adam J"]
[Result "0-1"]
[WhiteElo "1652"]
[BlackElo "1950"]
[PlyCount "94"]
[EventDate "2020.09.08"]
[WhiteTeam "Warwick University B"]
[BlackTeam "White Knights"]

1. e4 c6 2. d4 d5 3. e5 c5 4. Nc3 Nc6 5. Bb5 Bf5 6. g4 Bg6 7. Nge2 e6 8. h4 h5
9. Nf4 Nge7 10. Nxg6 Nxg6 11. gxh5 Nxh4 12. Qg4 Nf5 13. Be3 cxd4 14. Bxd4 Nfxd4
15. Qxd4 Qa5 16. O-O-O O-O-O 17. Bxc6 bxc6 18. Kb1 Rd7 19. Rh3 Rb7 20. Qa4 Qc7
21. f4 Kd7 22. Nxd5 exd5 23. Rxd5+ Kc8 24. Rd1 Rb4 25. Qa6+ Qb7 26. Qxb7+ Rxb7
27. b3 Rd7 28. Rxd7 Kxd7 29. c4 Kc7 30. f5 g6 31. fxg6 fxg6 32. Rf3 gxh5 33.
Rf7+ Kd8 34. Rxa7 h4 35. Rf7 h3 36. Rf1 h2 37. Rh1 Bc5 38. Kc2 Bd4 39. Kd3 Bxe5
40. Ke4 Bc7 41. Kd4 Rg8 42. Kc5 Kd7 43. Rd1+ Kc8 44. Rh1 Kb7 45. a4 Rg1 46.
Rxh2 Bxh2 47. b4 Rd1 0-1

[Event "4NCL Online Division 2"]
[Site "online"]
[Date "2020.09.08"]
[Round "2.44"]
[White "Miga, Tomasz"]
[Black "Fakhoury, Ziad Oussma"]
[Result "1/2-1/2"]
[WhiteElo "1737"]
[BlackElo "1247"]
[PlyCount "121"]
[EventDate "2020.09.08"]
[WhiteTeam "White Knights"]
[BlackTeam "Warwick University B"]

1. d4 Nf6 2. Nf3 g6 3. g3 Bg7 4. Bg2 O-O 5. O-O c5 6. d5 e6 7. c4 exd5 8. cxd5
d6 9. Nc3 Re8 10. Bf4 a6 11. a4 Nh5 12. Bg5 Qc7 13. Qd2 Bf5 14. h3 Be4 15. g4
Nf6 16. Bxf6 Bxf6 17. Rac1 Bxc3 18. Rxc3 b5 19. Re3 Nd7 20. Ng5 Bxg2 21. Rxe8+
Rxe8 22. Kxg2 Qb7 23. e4 h6 24. Nf3 Kg7 25. axb5 axb5 26. Qc3+ Ne5 27. Nxe5
Rxe5 28. f4 b4 29. Qd3 Re8 30. Ra1 g5 31. Kf3 Qe7 32. fxg5 hxg5 33. Qe3 Qf6+
34. Kg3 Qe5+ 35. Kf3 Qf6+ 36. Kg3 Kg6 37. Ra6 Qe5+ 38. Kf3 f6 39. Rc6 Rd8 40.
Qf2 Rd7 41. Qg3 Qxb2 42. Qe1 Qb3+ 43. Kg2 Qc2+ 44. Kf3 Qd3+ 45. Kg2 Kf7 46. Kh2
Ke7 47. Kg2 Rb7 48. Kf2 b3 49. Qa5 b2 50. Rc7+ Rxc7 51. Qxc7+ Kf8 52. Qxd6+ Kg7
53. Qe7+ Kg6 54. Qe8+ Kg7 55. Qe7+ Kh6 56. Qf8+ Kg6 57. Qg8+ Kh6 58. Qh8+ Kg6
59. Qg8+ Kh6 60. Qh8+ Kg6 61. Qg8+ 1/2-1/2

[Event "4NCL Online Division 2"]
[Site "online"]
[Date "2020.09.08"]
[Round "2.51"]
[White "Thompson, Robert"]
[Black "Marsh, Sean"]
[Result "1-0"]
[WhiteElo "1985"]
[BlackElo "2215"]
[PlyCount "97"]
[EventDate "2020.09.08"]
[WhiteTeam "Downend 1"]
[BlackTeam "CSC 1"]

1. Nf3 d5 2. g3 Bg4 3. Bg2 c6 4. O-O Nd7 5. d4 e6 6. Nbd2 Ngf6 7. h3 Bh5 8. Re1
Be7 9. e4 h6 10. c4 O-O 11. b3 Bb4 12. e5 Ne4 13. Nxe4 Bxe1 14. Qxe1 dxe4 15.
Qxe4 Qa5 16. Bb2 Rfe8 17. g4 Bg6 18. Qe3 Qd8 19. Nd2 h5 20. Qg3 Rc8 21. gxh5
Bxh5 22. Ne4 Rb8 23. Nd6 Re7 24. Qg5 Bg6 25. h4 Nf8 26. h5 Bh7 27. c5 Rd7 28.
Qg3 f6 29. Bc3 fxe5 30. dxe5 Kh8 31. Bh3 b6 32. Kh2 bxc5 33. Rg1 c4 34. b4 Rb5
35. h6 g6 36. Bf1 a5 37. Bxc4 axb4 38. Bxb5 bxc3 39. Bxc6 Rc7 40. Rc1 Qb8 41.
Rxc3 Qb6 42. Qf3 Kg8 43. Ne8 Qd4 44. Nxc7 Qxe5+ 45. Qg3 Qh5+ 46. Kg2 g5 47. Bf3
Qxh6 48. Bg4 Ng6 49. Nxe6 1-0

[Event "4NCL Online Division 2"]
[Site "online"]
[Date "2020.09.08"]
[Round "2.52"]
[White "Finn, Peter"]
[Black "Meadows, Michael"]
[Result "1-0"]
[WhiteElo "2125"]
[BlackElo "2035"]
[PlyCount "59"]
[EventDate "2020.09.08"]
[WhiteTeam "CSC 1"]
[BlackTeam "Downend 1"]

1. e4 d6 2. d4 g6 3. f4 Bg7 4. Nf3 a6 5. Bd3 b5 6. O-O Nd7 7. Be3 Bb7 8. c3 c5
9. a4 c4 10. Bc2 Ngf6 11. Nbd2 Ng4 12. Qe2 O-O 13. b3 cxb3 14. Bxb3 Qb6 15. a5
Qa7 16. Bf2 Nxf2 17. Qxf2 Rac8 18. Rac1 Nf6 19. Rfe1 e6 20. h3 d5 21. e5 Nd7
22. g4 Rc6 23. f5 Rfc8 24. Ng5 h6 25. Nxf7 Kxf7 26. fxe6+ Kxe6 27. Bxd5+ Kxd5
28. Qf7+ Re6 29. Qxd7+ Rd6 30. Qxd6# 1-0

[Event "4NCL Online Division 2"]
[Site "online"]
[Date "2020.09.08"]
[Round "2.53"]
[White "Conterno, Dominique"]
[Black "Frostick, Clive A"]
[Result "1-0"]
[WhiteElo "1885"]
[BlackElo "2108"]
[PlyCount "53"]
[EventDate "2020.09.08"]
[WhiteTeam "Downend 1"]
[BlackTeam "CSC 1"]

1. e4 c5 2. Nf3 Nf6 3. Nc3 Nc6 4. d4 d5 5. exd5 Nxd5 6. Bc4 Nxc3 7. bxc3 e6 8.
O-O Be7 9. Re1 O-O 10. Bf4 b6 11. Bd3 Bb7 12. Be4 Rc8 13. Qd3 g6 14. Rad1 cxd4
15. Nxd4 Bf6 16. Qe3 Qe8 17. Nb5 Na5 18. Nd6 Qa4 19. Nxb7 Nxb7 20. Bxb7 Rxc3
21. Rd3 Rxd3 22. cxd3 Qxa2 23. d4 Rd8 24. Be5 Be7 25. g4 Qa4 26. Rc1 Bf8 27.
Qg5 1-0

[Event "4NCL Online Division 2"]
[Site "online"]
[Date "2020.09.08"]
[Round "2.54"]
[White "Saidmurodov, Shahjahon"]
[Black "Pickup, Ian R"]
[Result "1-0"]
[WhiteElo "2147"]
[BlackElo "1810"]
[PlyCount "53"]
[EventDate "2020.09.08"]
[WhiteTeam "CSC 1"]
[BlackTeam "Downend 1"]

1. d4 Nf6 2. Bf4 g6 3. e3 Bg7 4. Bd3 O-O 5. h4 c5 6. h5 cxd4 7. exd4 Qa5+ 8.
Bd2 Qd5 9. Nf3 Nxh5 10. Nc3 Qe6+ 11. Kf1 d5 12. Ng5 Qg4 13. Be2 Qf5 14. g4 Ng3+
15. Kg2 Qd7 16. fxg3 h6 17. Nf3 g5 18. Bd3 Qxg4 19. Bxg5 h5 20. Nxd5 Nc6 21.
Ne3 Qd7 22. Rxh5 f6 23. Qh1 fxg5 24. Rh8+ Kf7 25. Qh5+ Ke6 26. Rxf8 Bxf8 27.
Qg6# 1-0

[Event "4NCL Online Division 2"]
[Site "online"]
[Date "2020.09.08"]
[Round "2.61"]
[White "Carlin, John D"]
[Black "Burrows, Martin P"]
[Result "1/2-1/2"]
[WhiteElo "2235"]
[BlackElo "2125"]
[PlyCount "99"]
[EventDate "2020.09.08"]
[WhiteTeam "Streatham A"]
[BlackTeam "Wigston 1"]

1. e4 c5 2. Nc3 Nc6 3. f4 g6 4. Nf3 Bg7 5. Be2 e6 6. O-O Nge7 7. Qe1 O-O 8. d3
d5 9. Kh1 d4 10. Nb1 b6 11. a4 Bb7 12. Na3 a6 13. Bd2 Qc7 14. Qh4 f6 15. c3
dxc3 16. bxc3 Na5 17. Rfb1 Rae8 18. Be3 Nc8 19. Nd2 Nd6 20. Qe1 Bc6 21. Bd1 Kh8
22. Nb3 Nxb3 23. Bxb3 f5 24. e5 Nf7 25. a5 b5 26. Qf2 g5 27. Bxc5 Rg8 28. d4
gxf4 29. Bd1 Bh6 30. Bf3 Be4 31. Rf1 Ng5 32. Nb1 Nxf3 33. gxf3 Bd5 34. Nd2 Rg6
35. Rg1 Reg8 36. Rxg6 Rxg6 37. Rg1 Qxa5 38. Qh4 Rxg1+ 39. Kxg1 Bg7 40. Kf2 h6
41. Bb4 Qc7 42. Qxf4 a5 43. Bc5 Qd8 44. Nf1 Qg5 45. Qxg5 hxg5 46. Ng3 Kh7 47.
Nh5 Kg6 48. Nxg7 Kxg7 49. Kg3 Kg6 50. Be7 1/2-1/2

[Event "4NCL Online Division 2"]
[Site "online"]
[Date "2020.09.08"]
[Round "2.62"]
[White "Byron, Alan M"]
[Black "Keane, Graham D J"]
[Result "1/2-1/2"]
[WhiteElo "2180"]
[BlackElo "2161"]
[PlyCount "58"]
[EventDate "2020.09.08"]
[WhiteTeam "Wigston 1"]
[BlackTeam "Streatham A"]

1. e4 d6 2. d4 Nf6 3. Nc3 g6 4. Nf3 Bg7 5. Be2 O-O 6. O-O c6 7. Re1 Nbd7 8. e5
dxe5 9. dxe5 Ng4 10. e6 fxe6 11. h3 Nge5 12. Nxe5 Nxe5 13. Qxd8 Rxd8 14. Ne4
Nf7 15. c3 b6 16. a4 c5 17. Ng5 Nxg5 18. Bxg5 Kf7 19. Bf3 Rb8 20. Bf4 e5 21.
Bxe5 Bxe5 22. Rxe5 Rd2 23. Rae1 e6 24. R1e2 Rxe2 25. Bxe2 Bd7 26. b3 Rd8 27.
Bc4 Bc8 28. Kf1 Rd6 29. Re3 Bb7 1/2-1/2

[Event "4NCL Online Division 2"]
[Site "online"]
[Date "2020.09.08"]
[Round "2.63"]
[White "Hodgson, John H"]
[Black "Horspool, Philip J"]
[Result "1-0"]
[WhiteElo "2072"]
[BlackElo "2065"]
[PlyCount "51"]
[EventDate "2020.09.08"]
[WhiteTeam "Streatham A"]
[BlackTeam "Wigston 1"]

1. e4 e5 2. Nf3 Nc6 3. Bb5 Bc5 4. c3 Nf6 5. d4 Bb6 6. Nxe5 Nxe5 7. dxe5 Nxe4 8.
Qg4 Bxf2+ 9. Ke2 Qh4 10. Qxg7 Rf8 11. Bh6 Bc5 12. Nd2 Nxd2 13. Kxd2 c6 14. Bd3
b6 15. Qf6 Qxf6 16. exf6 Rg8 17. Bg7 Bf8 18. Rae1+ Kd8 19. Bxh7 Rxg7 20. fxg7
Bxg7 21. Rhf1 Ba6 22. Bd3 Bxd3 23. Kxd3 f6 24. Rf3 Kc7 25. Re7 Bh6 26. Rh7 1-0

[Event "4NCL Online Division 2"]
[Site "online"]
[Date "2020.09.08"]
[Round "2.64"]
[White "Turner, Lewis A"]
[Black "Horton, Justin"]
[Result "1-0"]
[WhiteElo "1862"]
[BlackElo "2058"]
[PlyCount "77"]
[EventDate "2020.09.08"]
[WhiteTeam "Wigston 1"]
[BlackTeam "Streatham A"]

1. e4 e5 2. Nf3 Nc6 3. Bc4 Bc5 4. O-O Nf6 5. d4 exd4 6. e5 d5 7. exf6 dxc4 8.
fxg7 Rg8 9. Bg5 Be7 10. Bxe7 Kxe7 11. Re1+ Be6 12. Re4 Qd5 13. Nc3 Qf5 14. Nxd4
Nxd4 15. Qxd4 Rad8 16. Qxc4 Rxg7 17. Qxc7+ Rd7 18. Qe5 Qxe5 19. Rxe5 Rd2 20.
Re2 Rxe2 21. Nxe2 Rg4 22. c3 h5 23. Nd4 Bd5 24. f3 Rg6 25. Re1+ Kd7 26. a3 Kd6
27. b4 h4 28. Kf2 h3 29. g3 Kd7 30. Rd1 Ra6 31. Nb5 Kc6 32. Rxd5 Kxd5 33. Nc7+
Kc4 34. Nxa6 bxa6 35. g4 Kxc3 36. f4 Kb3 37. g5 Kxa3 38. f5 Kxb4 39. g6 1-0

[Event "4NCL Online Division 2"]
[Site "online"]
[Date "2020.09.08"]
[Round "2.71"]
[White "Carmichael, Ned"]
[Black "Goldberg, Jeff A"]
[Result "1/2-1/2"]
[WhiteElo "1832"]
[BlackElo "2154"]
[PlyCount "145"]
[EventDate "2020.09.08"]
[WhiteTeam "Hull & Beverley Romans 2"]
[BlackTeam "Anglia Avengers 2"]

1. c4 c6 2. Nc3 d5 3. d4 Nf6 4. Nf3 g6 5. e3 Bg7 6. Bd3 O-O 7. O-O a6 8. a4 a5
9. Bd2 Na6 10. Na2 c5 11. Bc3 b6 12. Nc1 Bb7 13. Nb3 Rc8 14. Qe2 Nb4 15. dxc5
bxc5 16. Bxb4 cxb4 17. Nbd4 Nd7 18. cxd5 Bxd5 19. Bb5 e5 20. e4 Bb7 21. Nb3 Nc5
22. Nxc5 Rxc5 23. Rac1 Qc7 24. Rxc5 Qxc5 25. Rd1 Rc8 26. b3 Qc2 27. Qxc2 Rxc2
28. h3 h6 29. Rd8+ Kh7 30. Nd2 g5 31. Rd7 Bc8 32. Rd5 Be6 33. Rd3 Rc3 34. Kf1
f5 35. Rd6 Bxb3 36. Nxb3 Rxb3 37. exf5 Ra3 38. Rd7 Kg8 39. Bc4+ Kf8 40. Rf7+
Kg8 41. Ra7+ Kf8 42. f6 Bxf6 43. Rf7+ Ke8 44. Rxf6 Ke7 45. Re6+ Kd7 46. Rxe5
Rxa4 47. Bb5+ Kd6 48. Re6+ Kxe6 49. Bxa4 Kd5 50. Ke2 Kc4 51. Kd2 b3 52. Kc1 Kb4
53. Be8 a4 54. Bf7 Kc3 55. h4 a3 56. Bxb3 Kxb3 57. Kb1 g4 58. f4 gxf3 59. gxf3
Kc4 60. Ka2 Kd4 61. Kxa3 Ke3 62. Kb3 Kxf3 63. Kc3 Kg4 64. h5 Kxh5 65. Kd3 Kg4
66. Ke2 Kg3 67. Kf1 Kh2 68. Kf2 h5 69. Kf1 h4 70. Kf2 h3 71. Kf1 Kh1 72. Kf2 h2
73. Kf1 1/2-1/2

[Event "4NCL Online Division 2"]
[Site "online"]
[Date "2020.09.08"]
[Round "2.72"]
[White "Bui, Kyan"]
[Black "Farley, Zak"]
[Result "1-0"]
[WhiteElo "2132"]
[BlackElo "1765"]
[PlyCount "43"]
[EventDate "2020.09.08"]
[WhiteTeam "Anglia Avengers 2"]
[BlackTeam "Hull & Beverley Romans 2"]

1. e4 c5 2. Nf3 d6 3. Bb5+ Nd7 4. O-O Ngf6 5. Re1 e6 6. c3 Be7 7. d4 cxd4 8.
cxd4 O-O 9. Nc3 h6 10. Bf4 a6 11. Bd3 b5 12. e5 dxe5 13. dxe5 Nd5 14. Nxd5 exd5
15. Rc1 Nb6 16. Bb1 h5 17. Qc2 g6 18. e6 Bxe6 19. Rxe6 Rc8 20. Rxg6+ Kh8 21.
Rg8+ Kxg8 22. Qh7# 1-0

[Event "4NCL Online Division 2"]
[Site "online"]
[Date "2020.09.08"]
[Round "2.73"]
[White "Grice, Alec"]
[Black "Jermy, Jaden"]
[Result "0-1"]
[WhiteElo "1667"]
[BlackElo "2057"]
[PlyCount "106"]
[EventDate "2020.09.08"]
[WhiteTeam "Hull & Beverley Romans 2"]
[BlackTeam "Anglia Avengers 2"]

1. e4 c5 2. Nf3 e6 3. c3 g6 4. d4 cxd4 5. cxd4 Bg7 6. Nc3 Ne7 7. Bg5 h6 8. Be3
O-O 9. Qd2 Kh7 10. Bd3 d5 11. e5 Nbc6 12. O-O Nb4 13. Bb1 b6 14. a3 Nbc6 15.
Nb5 Ba6 16. Bd3 Na5 17. Qe2 Nf5 18. Nd6 Bxd3 19. Qxd3 Nxd6 20. exd6 Qxd6 21.
Ne5 Bxe5 22. dxe5 Qxe5 23. Rfe1 Qf5 24. Qe2 Nc4 25. Bd4 e5 26. Bc3 f6 27. b3
Nd6 28. Bb4 Rfd8 29. Rac1 Rac8 30. Rxc8 Qxc8 31. f4 e4 32. Qb2 Qe6 33. Rc1 Rc8
34. Rxc8 Nxc8 35. Qc3 g5 36. Qc7+ Kg6 37. h3 gxf4 38. Qxf4 Ne7 39. Bd2 Ng8 40.
Qg3+ Kf7 41. Qc7+ Qe7 42. Qg3 d4 43. Bb4 Qe5 44. Qg4 f5 45. Qh5+ Kg7 46. g4 Nf6
47. Qxf5 Qxf5 48. gxf5 Nd5 49. Bd6 Kf6 50. Bf8 h5 51. Kf2 Kxf5 52. Bg7 d3 53.
Bd4 Kf4 0-1

[Event "4NCL Online Division 2"]
[Site "online"]
[Date "2020.09.08"]
[Round "2.74"]
[White "Moore, Geoffrey R"]
[Black "Johnstone, J Gerry"]
[Result "1-0"]
[WhiteElo "2057"]
[BlackElo "1607"]
[PlyCount "57"]
[EventDate "2020.09.08"]
[WhiteTeam "Anglia Avengers 2"]
[BlackTeam "Hull & Beverley Romans 2"]

1. e4 e6 2. d4 d5 3. e5 c5 4. c3 Nc6 5. Nf3 Bd7 6. a3 f6 7. Bd3 Qc7 8. dxc5
Nxe5 9. Nxe5 Qxe5+ 10. Be2 Bb5 11. Be3 Bxe2 12. Qxe2 a6 13. Nd2 Ne7 14. Nf3 Qc7
15. O-O e5 16. b4 Nf5 17. Rad1 Nxe3 18. Qxe3 Rd8 19. Nd4 Qf7 20. f4 Qh5 21.
fxe5 Qxe5 22. Qf3 Be7 23. Rfe1 Qb8 24. Nf5 Rd7 25. Rxd5 Qc7 26. Rxd7 Qxd7 27.
Rxe7+ Qxe7 28. Nxe7 Kxe7 29. Qxb7+ 1-0

[Event "4NCL Online Division 2"]
[Site "online"]
[Date "2020.09.08"]
[Round "2.81"]
[White "Richardt, Mike"]
[Black "Crowther, Mark D"]
[Result "1-0"]
[WhiteElo "2027"]
[BlackElo "2117"]
[PlyCount "59"]
[EventDate "2020.09.08"]
[WhiteTeam "West is Best B"]
[BlackTeam "Bradford DCA Knights A"]

1. d4 Nf6 2. c4 e6 3. Nc3 Bb4 4. Qc2 O-O 5. e4 d5 6. e5 Ne4 7. Bd3 c5 8. Nf3
cxd4 9. Nxd4 Nd7 10. Bf4 Ndc5 11. O-O Bxc3 12. bxc3 Bd7 13. Be2 Na4 14. cxd5
exd5 15. c4 Rc8 16. f3 Nec3 17. Bd3 h6 18. Rae1 dxc4 19. Bf5 Nd5 20. Bg3 Nab6
21. e6 Ba4 22. Qe4 Kh8 23. exf7 Nc3 24. Qe3 Nbd5 25. Qe6 Nf6 26. Qxc8 Qxd4+ 27.
Bf2 Qxf2+ 28. Rxf2 Rxc8 29. Bxc8 g6 30. f8=Q+ 1-0

[Event "4NCL Online Division 2"]
[Site "online"]
[Date "2020.09.08"]
[Round "2.82"]
[White "Allis, Richard"]
[Black "Yeo, Gareth"]
[Result "0-1"]
[WhiteElo "2052"]
[BlackElo "1980"]
[PlyCount "110"]
[EventDate "2020.09.08"]
[WhiteTeam "Bradford DCA Knights A"]
[BlackTeam "West is Best B"]

1. f4 d5 2. Nf3 g6 3. Nc3 Nf6 4. g3 Bg7 5. d3 O-O 6. Bg2 d4 7. Nb1 Nc6 8. e4
dxe3 9. Bxe3 Ng4 10. Bc1 e5 11. fxe5 Ncxe5 12. O-O Bd7 13. d4 Nxf3+ 14. Bxf3
Qc8 15. c3 c6 16. Na3 h5 17. Nc4 Be6 18. Ne3 Re8 19. Nxg4 hxg4 20. Bg2 f5 21.
Bg5 Qd7 22. Qd2 Bd5 23. a3 Bxg2 24. Qxg2 Re4 25. Rae1 Rae8 26. Bd2 Bf6 27. Rxe4
Rxe4 28. Re1 Rxe1+ 29. Bxe1 Qe6 30. Bd2 Kf7 31. Bc1 Qb3 32. Qe2 b5 33. Qd3 a5
34. Qd2 Qe6 35. Qd3 a4 36. Bf4 Qe1+ 37. Qf1 Qe4 38. Kf2 g5 39. Bc1 f4 40. gxf4
gxf4 41. Kg1 Bg5 42. Qd1 Kf6 43. b3 axb3 44. Bb2 Kf5 45. a4 bxa4 46. Ba3 f3 47.
Kf1 Bf4 48. c4 Bxh2 49. d5 g3 50. Bc5 Qxc4+ 51. Ke1 Qe4+ 52. Kf1 cxd5 53. Bg1
Qe2+ 54. Qxe2 fxe2+ 55. Kxe2 Bxg1 0-1